000 00299nam a22001337a 4500
008 171113b xxu||||| |||| 00| 0 eng d
020 _a0256026890
041 _aeng
080 _a331.101.262
100 _a52
101 _aBNJ
245 _aORGANIZATION DEVELOPMENT
_cFRENCH,W.L
942 _2udc
_cBK
999 _c38269
_d38269